[Event "CAN-ch"]
[Site "Toronto CAN"]
[Date "2004.08.21"]
[Round "2.7"]
[White "Filipovich, David"]
[Black "Quan Zhe"]
[Result "1/2-1/2"]
[WhiteElo "2258"]
[BlackElo "2420"]
[PlyCount "120"]
[GameId "2160767911077861"]
[EventDate "2004.08.20"]
[EventType "swiss"]
[EventRounds "11"]
[EventCountry "CAN"]

1. g3 g6 2. Bg2 Bg7 3. c4 c5 4. Nc3 Nc6 5. Nf3 e6 6. O-O Nge7 7. d4 Nxd4 8. Nxd4 cxd4 9. Nb5 O-O 10. Nxd4 d5 11. cxd5 Nxd5 12. e4 Nb6 13. Nb5 Bd7 14. Qe2 Bxb5 15. Qxb5 Qd4 16. Qb3 Rac8 17. Rd1 Qc4 18. Be3 Rfd8 19. Rac1 Qxb3 20. Rxd8+ Rxd8 21. axb3 Bd4 22. Rd1 e5 23. Kf1 f6 24. Ke2 Kf7 25. f4 Ke7 26. fxe5 Bxe5 27. Rxd8 Kxd8 28. Bxb6+ axb6 29. Kf3 Ke7 30. h3 Kd6 31. Bf1 Bxb2 32. Bc4 Be5 33. g4 Kc5 34. Bg8 h6 35. Bf7 g5 36. Be6 Kb4 37. Bd5 Kc3 38. Be6 b5 39. Bf7 b6 40. Bg8 Kd2 41. Bf7 Ke1 42. Bg8 Kf1 43. Bf7 Kg1 44. Be8 b4 45. Bf7 Kh2 46. Be8 Kxh3 47. Bf7 Kh2 48. Be8 Kg1 49. Bf7 Bf4 50. Be8 Kf1 51. Bf7 Ke1 52. Be8 Kd2 53. Bf7 Kc3 54. Bg8 Kd4 55. Bf7 Ke5 56. Bg6 Ke6 57. Be8 Ke7 58. Bg6 Kf8 59. Bh5 Be5 60. Bg6 Kg7 1/2-1/2

[Event "CAN-ch"]
[Site "Toronto CAN"]
[Date "2004.08.21"]
[Round "2.8"]
[White "Predescu, Sebastian"]
[Black "Krnan, Tomas"]
[Result "1/2-1/2"]
[WhiteElo "2232"]
[BlackElo "2409"]
[PlyCount "65"]
[GameId "2160767911077862"]
[EventDate "2004.08.20"]
[EventType "swiss"]
[EventRounds "11"]
[EventCountry "CAN"]

1. e4 e5 2. Nf3 Nc6 3. d4 exd4 4. Nxd4 Nf6 5. Nc3 Bb4 6. Nxc6 bxc6 7. Bd3 d5 8. exd5 cxd5 9. O-O O-O 10. Bg5 c6 11. Na4 Re8 12. c4 Bd6 13. cxd5 cxd5 14. Nc3 Bb7 15. Qd2 h6 16. Bf4 Bb4 17. a3 Bxc3 18. Qxc3 d4 19. Qd2 Ne4 20. Qb4 Qf6 21. Qxb7 Qxf4 22. g3 Qf3 23. Bxe4 Qxe4 24. Qxe4 Rxe4 25. Rfd1 Rc8 26. Rd2 a5 27. Rad1 Rc4 28. f3 Re3 29. Rxd4 Rc2 30. R4d2 Rxd2 31. Rxd2 Rxf3 32. Rd5 Rb3 33. Rxa5 1/2-1/2

[Event "CAN-ch"]
[Site "Toronto CAN"]
[Date "2004.08.21"]
[Round "2.9"]
[White "Hamilton, Robert"]
[Black "Barron, Michael"]
[Result "0-1"]
[WhiteElo "2389"]
[BlackElo "2257"]
[PlyCount "88"]
[GameId "2160767911077863"]
[EventDate "2004.08.20"]
[EventType "swiss"]
[EventRounds "11"]
[EventCountry "CAN"]

1. d4 f5 2. c4 Nf6 3. Nc3 g6 4. g3 Bg7 5. Bg2 O-O 6. Nh3 d6 7. d5 c6 8. O-O e5 9. dxc6 bxc6 10. b4 Be6 11. b5 Bxc4 12. bxc6 e4 13. Qa4 d5 14. Nf4 Qb6 15. c7 Na6 16. Be3 Qxc7 17. Ne6 Qf7 18. Nxf8 Ng4 19. Nb5 Nxe3 20. fxe3 Nc5 21. Qb4 Bxf8 22. Nd4 Nb3 23. Qxf8+ Qxf8 24. axb3 Qb4 25. bxc4 dxc4 26. g4 Qd2 27. Kh1 Qxe3 28. Rad1 fxg4 29. Nc2 Qxe2 30. Rde1 Qd2 31. Ne3 Rf8 32. Rg1 g3 33. Nxc4 Qh6 34. h3 Rf2 35. Rgf1 Qf4 36. Ne3 h5 37. Re2 g5 38. Rfxf2 gxf2 39. Nf1 g4 40. Rxe4 Qf5 41. Ng3 Qf6 42. Bf1 Kf8 43. hxg4 Qf3+ 44. Kh2 h4 0-1

[Event "CAN-ch"]
[Site "Toronto CAN"]
[Date "2004.08.21"]
[Round "2.10"]
[White "Henry, Liam"]
[Black "Sasata, Robert"]
[Result "1-0"]
[WhiteElo "2145"]
[BlackElo "2355"]
[PlyCount "125"]
[GameId "2160767911077864"]
[EventDate "2004.08.20"]
[EventType "swiss"]
[EventRounds "11"]
[EventCountry "CAN"]

1. e4 e5 2. Nf3 Qe7 3. Nc3 c6 4. Bc4 d6 5. Bb3 h6 6. d4 Bg4 7. dxe5 dxe5 8. h3 Bh5 9. g4 Bg6 10. Qe2 Nd7 11. Be3 Ngf6 12. Nd2 Nc5 13. f3 Nfd7 14. a4 Qd8 15. O-O-O Qc7 16. h4 h5 17. g5 Ne6 18. Bxe6 fxe6 19. Qc4 Be7 20. Nb3 Nb6 21. Bxb6 axb6 22. Nb5 Qc8 23. Nd6+ Bxd6 24. Rxd6 O-O 25. Rhd1 Rxf3 26. Rd7 Qe8 27. Rxb7 Rd8 28. Rxd8 Qxd8 29. Qxe6+ Kh7 30. Rd7 Rf1+ 31. Kd2 Qf8 32. Qxe5 c5 33. Kc3 Rf3+ 34. Rd3 Rf4 35. Nd2 Rxh4 36. b3 c4 37. Kxc4 Qc8+ 38. Kb4 Qf8+ 39. Qd6 Qf2 40. Rd4 Qe3 41. Qe5 Rg4 42. Rd7 Qc5+ 43. Qxc5 bxc5+ 44. Kxc5 h4 45. Rd3 Rxg5+ 46. Kb6 Rg3 47. Rxg3 hxg3 48. Nf3 g2 49. Ng1 Bxe4 50. c4 Kg6 51. c5 Kf5 52. c6 Kg4 53. a5 Kg3 54. a6 Kf2 55. a7 Kxg1 56. a8=Q Kf2 57. Qf8+ Bf3 58. Qxg7 g1=Q 59. Qxg1+ Kxg1 60. c7 Bg4 61. Ka7 Kf2 62. b4 Ke3 63. b5 1-0

[Event "CAN-ch"]
[Site "Toronto CAN"]
[Date "2004.08.21"]
[Round "2.12"]
[White "Thavandiran, Shiyam"]
[Black "Milicevic, Goran"]
[Result "0-1"]
[WhiteElo "2253"]
[BlackElo "2328"]
[PlyCount "104"]
[GameId "2160767911077866"]
[EventDate "2004.08.20"]
[EventType "swiss"]
[EventRounds "11"]
[EventCountry "CAN"]

1. e4 e6 2. d4 c5 3. Nf3 cxd4 4. Nxd4 a6 5. Nc3 Ne7 6. g3 Nbc6 7. Nde2 b5 8. Bg2 Bb7 9. O-O Ng6 10. f4 Qb6+ 11. Kh1 Na5 12. f5 Ne5 13. Nf4 g6 14. Qe2 O-O-O 15. Be3 Bc5 16. Nd1 Bxe3 17. Nxe3 Nac4 18. Nxc4 Nxc4 19. b3 Ne3 20. Qf2 Kc7 21. Rfe1 Nxg2 22. Qxb6+ Kxb6 23. Nxg2 Rc8 24. fxe6 dxe6 25. Re2 Rc3 26. Kg1 Rhc8 27. Rc1 Ka5 28. a3 Rxb3 29. Rf1 Rbc3 30. Rxf7 R8c7 31. Rxc7 Rxc7 32. Nf4 Bc8 33. Nd3 Ka4 34. Kf2 Kxa3 35. Ke3 b4 36. Re1 Ka4 37. Kd2 Kb5 38. Rb1 a5 39. Nc1 Bb7 40. e5 Be4 41. Rb2 a4 42. c3 Rxc3 43. Rxb4+ Kxb4 44. Na2+ Kb3 45. Nxc3 Bc6 46. Ne2 Kb2 47. Nf4 a3 48. Nd3+ Kb1 49. Nb4 a2 50. Nxa2 Kxa2 51. Ke3 Kb3 52. Kf4 h6 0-1

[Event "CAN-ch"]
[Site "Toronto CAN"]
[Date "2004.08.21"]
[Round "2.13"]
[White "Moskvitch, Andrei"]
[Black "Tipu, Vincent"]
[Result "1/2-1/2"]
[WhiteElo "2142"]
[BlackElo "2307"]
[PlyCount "44"]
[GameId "2160767911077867"]
[EventDate "2004.08.20"]
[EventType "swiss"]
[EventRounds "11"]
[EventCountry "CAN"]

1. e4 e5 2. Nf3 Nc6 3. Bc4 Bc5 4. c3 Nf6 5. d4 exd4 6. cxd4 Bb4+ 7. Bd2 Bxd2+ 8. Nbxd2 d5 9. exd5 Nxd5 10. Ne5 O-O 11. Nxc6 bxc6 12. O-O Nb6 13. Bd3 Qxd4 14. Qc2 g6 15. Ne4 Bf5 16. Rad1 Rfe8 17. Ng3 Bxd3 18. Rxd3 Qf6 19. Rf3 Qe6 20. Re3 Qc4 21. Rc3 Qxa2 22. Rxc6 Qa4 1/2-1/2

[Event "CAN-ch"]
[Site "Toronto CAN"]
[Date "2004.08.21"]
[Round "2.15"]
[White "Gravel, Simon M"]
[Black "Lavin, David"]
[Result "1/2-1/2"]
[WhiteElo "2333"]
[BlackElo "2171"]
[PlyCount "91"]
[GameId "2160767911077868"]
[EventDate "2004.08.20"]
[EventType "swiss"]
[EventRounds "11"]
[EventCountry "CAN"]

1. c4 Nf6 2. Nc3 e5 3. Nf3 d6 4. g3 Be7 5. Bg2 O-O 6. O-O Nbd7 7. b4 a5 8. b5 c6 9. Rb1 Re8 10. d3 d5 11. Nd2 Nc5 12. Ba3 Be6 13. Na4 Nxa4 14. Qxa4 Bb4 15. Bxb4 axb4 16. Qxb4 Rxa2 17. Rb2 Rxb2 18. Qxb2 Bg4 19. Nf3 Qe7 20. h3 Bd7 21. e3 dxc4 22. dxc4 Qc5 23. Rc1 b6 24. bxc6 Bxc6 25. Rb1 Nd7 26. Qb4 Kf8 27. Qxc5+ bxc5 28. Ng5 Bxg2 29. Kxg2 f6 30. Ne4 Rc8 31. Rb7 Ke7 32. g4 Kd8 33. Nd6 Rc6 34. Ne4 Rc7 35. Rb5 Ke7 36. f4 exf4 37. exf4 h6 38. h4 Ke6 39. Ra5 Rc6 40. Ra7 Rb6 41. f5+ Ke5 42. Rxd7 Kxe4 43. Rxg7 Rb2+ 44. Kg3 Rb3+ 45. Kf2 Rb2+ 46. Kg3 1/2-1/2

[Event "CAN-ch"]
[Site "Toronto CAN"]
[Date "2004.08.21"]
[Round "2.16"]
[White "Lawson, Eric"]
[Black "McTavish, David"]
[Result "1/2-1/2"]
[WhiteElo "2336"]
[BlackElo "2159"]
[PlyCount "135"]
[GameId "2160767911077869"]
[EventDate "2004.08.20"]
[EventType "swiss"]
[EventRounds "11"]
[EventCountry "CAN"]

1. e4 c5 2. Nf3 d6 3. d4 cxd4 4. Nxd4 Nf6 5. Nc3 a6 6. Be3 e5 7. Nb3 Be6 8. f3 Be7 9. Qd2 Nbd7 10. O-O-O O-O 11. g4 Nb6 12. g5 Nh5 13. Kb1 Kh8 14. Nd5 Nxd5 15. exd5 Bf5 16. Ka1 a5 17. c4 f6 18. gxf6 Bxf6 19. Bd3 Bxd3 20. Qxd3 a4 21. Nd2 a3 22. Ne4 axb2+ 23. Kxb2 Ra4 24. Ka1 Qa5 25. Qd2 Qa6 26. Rc1 Rxc4 27. Rxc4 Qxc4 28. Rc1 Qa6 29. Qc2 h6 30. Qc4 Qa5 31. Bd2 Qa3 32. Rc3 Qa7 33. Be3 Qa5 34. Rb3 Qe1+ 35. Kb2 Qd1 36. Bd2 Nf4 37. Bxf4 exf4+ 38. Nxf6 Rxf6 39. Qc8+ Kh7 40. Qc2+ Qxc2+ 41. Kxc2 Rf7 42. Rb6 Rd7 43. Kd3 g5 44. Rb4 Re7 45. a4 Kg6 46. Rb6 Rd7 47. Ke4 Kf6 48. a5 Re7+ 49. Kd4 Rd7 50. h3 Kf5 51. Rb2 h5 52. Re2 g4 53. hxg4+ hxg4 54. fxg4+ Kxg4 55. Re6 Rf7 56. Rxd6 f3 57. Rg6+ Kf4 58. Rg1 f2 59. Rf1 Kf3 60. d6 Ke2 61. Rxf2+ Kxf2 62. Ke5 Ke3 63. Ke6 Rf8 64. d7 Kd4 65. Ke7 Rh8 66. d8=Q+ Rxd8 67. Kxd8 Kc5 68. Kc7 1/2-1/2

[Event "CAN-ch"]
[Site "Toronto CAN"]
[Date "2004.08.21"]
[Round "2.17"]
[White "Nezirovic, Ozren"]
[Black "Bailey, Doug"]
[Result "1-0"]
[WhiteElo "2122"]
[BlackElo "2290"]
[PlyCount "120"]
[GameId "2160767911077870"]
[EventDate "2004.08.20"]
[EventType "swiss"]
[EventRounds "11"]
[EventCountry "CAN"]

1. e4 c5 2. Nf3 d6 3. d4 cxd4 4. Nxd4 Nf6 5. Nc3 g6 6. Be3 Bg7 7. f3 O-O 8. Qd2 Nc6 9. Bc4 Nxd4 10. Bxd4 Be6 11. Bb3 a5 12. a4 Bxb3 13. cxb3 Rc8 14. O-O-O Qd7 15. Kb1 Qe6 16. Ka2 Rc6 17. Rhe1 Rfc8 18. Rc1 h5 19. g3 Kh7 20. Qd3 Nd7 21. Bxg7 Kxg7 22. Qd5 Nc5 23. Qxe6 fxe6 24. Rcd1 Na6 25. f4 Nb4+ 26. Kb1 Rxc3 27. bxc3 Rxc3 28. Kb2 Rd3 29. Rc1 Rd2+ 30. Kc3 Rxh2 31. Kc4 Na2 32. Ra1 Rb2 33. Re3 Rc2+ 34. Kb5 Rc5+ 35. Kb6 Nb4 36. Rf3 Kf7 37. Rff1 e5 38. Rfc1 Rxc1 39. Rxc1 exf4 40. gxf4 Nd3 41. Rf1 Nc5 42. Rf3 Kf6 43. Kxa5 e5 44. b4 Nxe4 45. Kb6 Nd2 46. Rd3 exf4 47. Rxd2 g5 48. Kxb7 g4 49. a5 g3 50. a6 f3 51. a7 g2 52. Rf2 g1=Q 53. Rxf3+ Ke6 54. a8=Q Qg7+ 55. Kb8 Qh8+ 56. Kb7 Qg7+ 57. Kc6 Qg6 58. Re3+ Kf5 59. Qf8+ Kg4 60. Qf3+ Kg5 1-0

[Event "CAN-ch"]
[Site "Toronto CAN"]
[Date "2004.08.21"]
[Round "2.18"]
[White "Golts, Roman"]
[Black "Bogle, Bill"]
[Result "1/2-1/2"]
[WhiteElo "2271"]
[BlackElo "2118"]
[PlyCount "72"]
[GameId "2160767911077871"]
[EventDate "2004.08.20"]
[EventType "swiss"]
[EventRounds "11"]
[EventCountry "CAN"]

1. e4 c5 2. Nf3 Nc6 3. d4 cxd4 4. Nxd4 Nf6 5. Nc3 d6 6. Bc4 e6 7. Be3 a6 8. Qe2 Qc7 9. O-O-O Na5 10. Bd3 b5 11. f4 Bb7 12. Nf3 Rc8 13. e5 Nd5 14. Nxd5 Bxd5 15. Kb1 Nc4 16. Bd4 Qa5 17. b3 Na3+ 18. Kc1 Nxc2 19. Bxc2 Qxa2 20. Rd3 Bxb3 21. Rc3 Rxc3 22. Bxc3 dxe5 23. Qe4 Ba3+ 24. Kd2 Qxc2+ 25. Qxc2 Bxc2 26. Kxc2 exf4 27. Kb3 Bc5 28. Ra1 f6 29. Rxa6 Kf7 30. Rc6 Be3 31. Rc7+ Kg6 32. Nh4+ Kh6 33. Re7 e5 34. Nf5+ Kg6 35. Nxg7 h5 36. Ne6 Kf5 1/2-1/2

[Event "CAN-ch"]
[Site "Toronto CAN"]
[Date "2004.08.21"]
[Round "2.20"]
[White "Kret, Ted"]
[Black "Lipnowski, Samuel"]
[Result "1/2-1/2"]
[WhiteElo "2236"]
[BlackElo "2078"]
[PlyCount "62"]
[GameId "2160767911077872"]
[EventDate "2004.08.20"]
[EventType "swiss"]
[EventRounds "11"]
[EventCountry "CAN"]

1. d4 f5 2. g4 fxg4 3. h3 g3 4. fxg3 g6 5. Bf4 Bg7 6. Nc3 Nf6 7. e4 Nh5 8. Bc4 Nxf4 9. gxf4 e6 10. Nf3 O-O 11. Qd2 Qf6 12. Ne2 Bh6 13. e5 Qf7 14. O-O-O Bxf4 15. Nxf4 Qxf4 16. Rdf1 Nc6 17. h4 b6 18. h5 Bb7 19. hxg6 hxg6 20. Rh4 Qxd2+ 21. Kxd2 Ne7 22. Ng5 Rxf1 23. Bxf1 Nf5 24. Rh7 Bc6 25. Bd3 Rf8 26. c3 a5 27. Rh2 Kg7 28. Rh7+ Kg8 29. Rh2 Kg7 30. Rh7+ Kg8 31. Rh2 Kg7 1/2-1/2

[Event "CAN-ch"]
[Site "Toronto CAN"]
[Date "2004.08.21"]
[Round "2.22"]
[White "Ng, Gary"]
[Black "Ochkoos, Jura"]
[Result "0-1"]
[WhiteElo "2180"]
[BlackElo "2338"]
[PlyCount "94"]
[GameId "2160767911077873"]
[EventDate "2004.08.20"]
[EventType "swiss"]
[EventRounds "11"]
[EventCountry "CAN"]

1. e4 e5 2. Nf3 Nc6 3. d4 exd4 4. Nxd4 Nf6 5. Nxc6 bxc6 6. Bd3 d6 7. O-O Be7 8. c4 O-O 9. Nc3 Nd7 10. Be3 Ne5 11. Be2 Ng6 12. f4 f5 13. Bd3 Qe8 14. Qc2 Bf6 15. Rae1 Bxc3 16. bxc3 Qf7 17. exf5 Bxf5 18. Bxf5 Qxf5 19. Qxf5 Rxf5 20. Rb1 Ra5 21. Rb7 Rxa2 22. Rxc7 c5 23. Rd1 Re8 24. Rd2 Rxd2 25. Bxd2 Re2 26. f5 Nh4 27. Bf4 Nxf5 28. Rd7 a5 29. Bxd6 Nxd6 30. Rxd6 Re4 31. Rd2 Rxc4 32. Rc2 Kf7 33. Kf1 Re4 34. Rb2 a4 35. Kf2 Rc4 36. Rc2 Ke6 37. Ke3 a3 38. Kd3 Ra4 39. Ra2 c4+ 40. Ke4 Kd6 41. Kd4 Kc6 42. g4 g5 43. h3 h6 44. Ke5 Kb5 45. Kd4 Ra8 46. Ra1 Rd8+ 47. Ke5 Ka4 0-1

[Event "CAN-ch"]
[Site "Toronto CAN"]
[Date "2004.08.21"]
[Round "2.23"]
[White "Meng, Ang"]
[Black "MacPhail, John"]
[Result "0-1"]
[WhiteElo "2159"]
[BlackElo "2333"]
[PlyCount "120"]
[GameId "2160767911077874"]
[EventDate "2004.08.20"]
[EventType "swiss"]
[EventRounds "11"]
[EventCountry "CAN"]

1. e4 c5 2. f4 e6 3. Nc3 Nc6 4. Nf3 Nge7 5. g3 d5 6. d3 d4 7. Ne2 g6 8. Bg2 Bg7 9. O-O O-O 10. g4 f5 11. g5 fxe4 12. dxe4 e5 13. Qd3 Be6 14. Nxe5 Nxe5 15. fxe5 Rxf1+ 16. Bxf1 Bxe5 17. Bf4 Qd6 18. Qg3 Nc6 19. Bxe5 Nxe5 20. Nf4 Rf8 21. Nxe6 Qxe6 22. Bh3 Qe7 23. Bg2 Kg7 24. b3 b6 25. a4 Nf7 26. h4 Qe5 27. Kh2 d3 28. Qxe5+ Nxe5 29. cxd3 Rf2 30. a5 Rb2 31. axb6 axb6 32. Ra7+ Kf8 33. Ra8+ Ke7 34. Ra7+ Kd6 35. Rxh7 Nxd3 36. Kg1 Nf4 37. Bf1 Rxb3 38. Bc4 Re3 39. Bf7 Rxe4 40. Rh6 Ke5 41. h5 Nh3+ 42. Kg2 Nxg5 43. hxg6 Nxf7 44. gxf7 Rf4 45. Rh7 Rf6 46. Kg3 Ke6 47. f8=Q Rxf8 48. Rb7 Kd5 49. Rxb6 Kd4 50. Rc6 c4 51. Rc7 c3 52. Rc6 Kd3 53. Rd6+ Ke3 54. Re6+ Kd2 55. Rd6+ Kc1 56. Rc6 c2 57. Rd6 Rf1 58. Kg2 Rd1 59. Rc6 Kb2 60. Rb6+ Ka3 0-1

[Event "CAN-ch"]
[Site "Toronto CAN"]
[Date "2004.08.21"]
[Round "2.24"]
[White "Divljan, Igor"]
[Black "Wang, David"]
[Result "1-0"]
[WhiteElo "2344"]
[BlackElo "2183"]
[PlyCount "61"]
[GameId "2160767911077875"]
[EventDate "2004.08.20"]
[EventType "swiss"]
[EventRounds "11"]
[EventCountry "CAN"]

1. d4 d5 2. c4 dxc4 3. Nf3 Nf6 4. Nc3 e6 5. e4 Bb4 6. e5 Nd5 7. Bd2 Nb6 8. Be2 Bd7 9. h4 Bc6 10. Rh3 Na6 11. Rg3 g6 12. a4 Bxf3 13. Bxf3 c6 14. Bg5 Be7 15. Ne4 Bxg5 16. Nd6+ Kf8 17. hxg5 h6 18. gxh6 Rxh6 19. Ke2 Nd5 20. Qd2 Rh4 21. Rg4 c5 22. g3 Rxg4 23. Bxg4 cxd4 24. Rh1 d3+ 25. Kf1 Ke7 26. Rh7 Kd7 27. Rxf7+ Ne7 28. Nxc4 Nc7 29. Qxd3+ Kc8 30. Nd6+ Kb8 31. Qf3 1-0

[Event "CAN-ch"]
[Site "Toronto CAN"]
[Date "2004.08.21"]
[Round "2.25"]
[White "Urquhart, Eddie"]
[Black "Feoktistov, Dmitri"]
[Result "0-1"]
[WhiteElo "2273"]
[BlackElo "2175"]
[PlyCount "96"]
[GameId "2160767911077876"]
[EventDate "2004.08.20"]
[EventType "swiss"]
[EventRounds "11"]
[EventCountry "CAN"]

1. e4 c6 2. d4 d5 3. e5 Bf5 4. Nf3 e6 5. Be2 Qb6 6. Nc3 Nd7 7. O-O Ne7 8. b3 Bg4 9. Na4 Qc7 10. c4 Nb6 11. Nxb6 axb6 12. h3 Bxf3 13. Bxf3 Rd8 14. Bb2 g6 15. Qe2 Bg7 16. Rfd1 O-O 17. Rac1 Rfe8 18. g4 g5 19. Rc3 h6 20. Bh1 Ng6 21. Bc1 dxc4 22. bxc4 c5 23. dxc5 Qxe5 24. Re3 Nf4 25. Qc2 Qxc5 26. Rde1 Rd4 27. Rc3 Qa5 28. Kf1 Red8 29. Be3 R4d6 30. Rb3 Rd2 31. Qb1 Qxa2 32. Qxa2 Rxa2 33. Rxb6 Bd4 34. Rb3 Bxe3 35. Rbxe3 Rdd2 36. Bxb7 Rxf2+ 37. Kg1 Rh2 38. c5 Nxh3+ 39. Rxh3 Rxh3 40. Rc1 Raa3 41. c6 Rhc3 42. Rd1 Kg7 43. Rd2 Ra1+ 44. Kf2 Rac1 45. Rd6 R1c2+ 46. Kf1 Kf6 47. Ke1 Rg3 48. Kd1 Ra2 0-1

[Event "CAN-ch"]
[Site "Toronto CAN"]
[Date "2004.08.21"]
[Round "2.26"]
[White "St Amand, Paul Jr"]
[Black "Starr (Shterenberg), Nava"]
[Result "1/2-1/2"]
[WhiteElo "2139"]
[BlackElo "2229"]
[PlyCount "43"]
[GameId "2160767911077877"]
[EventDate "2004.08.20"]
[EventType "swiss"]
[EventRounds "11"]
[EventCountry "CAN"]

1. e4 e5 2. Nf3 d6 3. d4 exd4 4. Nxd4 Nf6 5. Nc3 Be7 6. Bc4 O-O 7. O-O a6 8. a4 Nxe4 9. Nxe4 d5 10. Bd3 dxe4 11. Bxe4 Nd7 12. c3 Nf6 13. Bf3 Bd6 14. Bg5 h6 15. Bh4 Re8 16. Qc2 Re5 17. Rfe1 Qe7 18. Rxe5 Bxe5 19. Qe2 c5 20. Nc2 Bf5 21. Ne3 Be6 22. Qc2 1/2-1/2

[Event "CAN-ch"]
[Site "Toronto CAN"]
[Date "2004.08.21"]
[Round "2.27"]
[White "Jiganchine, Roman"]
[Black "Aspler, Gerald"]
[Result "1-0"]
[WhiteElo "2218"]
[BlackElo "2138"]
[PlyCount "63"]
[GameId "2160767911077878"]
[EventDate "2004.08.20"]
[EventType "swiss"]
[EventRounds "11"]
[EventCountry "CAN"]

1. e4 c5 2. Nf3 d6 3. d4 cxd4 4. Nxd4 Nf6 5. Nc3 a6 6. Be2 g6 7. g4 b5 8. g5 b4 9. gxf6 bxc3 10. bxc3 exf6 11. Bf4 Qa5 12. O-O Bh3 13. Re1 Be7 14. Bf3 O-O 15. e5 fxe5 16. Bh6 Ra7 17. Bxf8 Bxf8 18. Rb1 e4 19. Rxb8 exf3 20. Qxf3 Qg5+ 21. Qg3 Re7 22. Rbb1 Rxe1+ 23. Rxe1 Qd2 24. Qe3 Bh6 25. Qxd2 Bxd2 26. Re2 Bxc3 27. Re3 Bxd4 28. Rxh3 Bc5 29. Rb3 Kg7 30. Rb8 a5 31. a4 Bb4 32. Rxb4 1-0

[Event "CAN-ch"]
[Site "Toronto CAN"]
[Date "2004.08.21"]
[Round "2.28"]
[White "MacDonald, Jonathan"]
[Black "Schmidt, Tom"]
[Result "1/2-1/2"]
[WhiteElo "2125"]
[BlackElo "2216"]
[PlyCount "49"]
[GameId "2160767911077879"]
[EventDate "2004.08.20"]
[EventType "swiss"]
[EventRounds "11"]
[EventCountry "CAN"]

1. e4 e5 2. Nf3 Nc6 3. Nc3 Nf6 4. d4 exd4 5. Nd5 Be7 6. Bc4 Nxe4 7. O-O O-O 8. Re1 Nc5 9. Rxe7 Ne6 10. Rxe6 dxe6 11. Nf4 e5 12. Ne2 Bf5 13. Ng3 Bg6 14. h4 h5 15. a3 Qd6 16. Ng5 Rad8 17. N5e4 Qd7 18. Bg5 Rde8 19. Qf3 Qg4 20. Qd3 Kh8 21. f3 Qc8 22. Qd2 Ne7 23. Bxe7 Rxe7 24. Qg5 Qe8 25. Nf6 1/2-1/2

[Event "CAN-ch"]
[Site "Toronto CAN"]
[Date "2004.08.21"]
[Round "2.30"]
[White "Anastasovski, Nikola"]
[Black "Davies, Lucas"]
[Result "0-1"]
[WhiteElo "2080"]
[BlackElo "2153"]
[PlyCount "88"]
[GameId "2160767911077880"]
[EventDate "2004.08.20"]
[EventType "swiss"]
[EventRounds "11"]
[EventCountry "CAN"]

1. e4 c6 2. d4 d5 3. e5 Bf5 4. Bd3 Bxd3 5. Qxd3 e6 6. Be3 Ne7 7. Nf3 Qa5+ 8. c3 Qa6 9. Ke2 Qxd3+ 10. Kxd3 Nd7 11. Nbd2 f6 12. Rhe1 Ng6 13. Kc2 Kf7 14. h4 h5 15. g3 c5 16. Rac1 Be7 17. exf6 gxf6 18. Kb1 c4 19. Re2 b5 20. Kc2 a5 21. Rce1 Ra6 22. Nb1 b4 23. Bc1 Rb8 24. Nfd2 e5 25. dxe5 Ndxe5 26. f4 Nd3 27. Rf1 a4 28. Rf3 b3+ 29. axb3 axb3+ 30. Kd1 Bc5 31. Nf1 Ra1 32. Nfd2 Ne7 33. f5 Nc6 34. Re6 Nce5 35. Rf1 Rg8 36. Rf3 Nxf3 37. Nxf3 Rxb1 38. Rc6 Rxc1+ 39. Kd2 Rc2+ 40. Kd1 Nxb2+ 41. Ke1 Re8+ 42. Kf1 Rc1+ 43. Ne1 Rcxe1+ 44. Kg2 R8e2+ 0-1

[Event "CAN-ch"]
[Site "Toronto CAN"]
[Date "2004.08.21"]
[Round "2.31"]
[White "Cazelais, Marc"]
[Black "Goutor, Valentina"]
[Result "1-0"]
[WhiteElo "2192"]
[BlackElo "2065"]
[PlyCount "39"]
[GameId "2160767911077881"]
[EventDate "2004.08.20"]
[EventType "swiss"]
[EventRounds "11"]
[EventCountry "CAN"]

1. e4 c5 2. c3 d5 3. exd5 Qxd5 4. d4 g6 5. Na3 cxd4 6. Nb5 Na6 7. Be3 Nf6 8. Qxd4 Qxd4 9. Bxd4 b6 10. Nd6+ Kd7 11. Nxf7 Rg8 12. Bb5+ Ke6 13. Bc4+ Nd5 14. O-O-O Bb7 15. Ng5+ Kf5 16. N1f3 Nf4 17. Bxg8 Ne2+ 18. Kb1 Nxd4 19. Rxd4 Bg7 20. g4+ 1-0

[Event "CAN-ch"]
[Site "Toronto CAN"]
[Date "2004.08.21"]
[Round "2.32"]
[White "Belzberg, Sid"]
[Black "Masse, Hugues"]
[Result "0-1"]
[WhiteElo "2039"]
[BlackElo "2188"]
[PlyCount "76"]
[GameId "2160767911077882"]
[EventDate "2004.08.20"]
[EventType "swiss"]
[EventRounds "11"]
[EventCountry "CAN"]

1. d4 Nf6 2. c4 g6 3. Nc3 d5 4. cxd5 Nxd5 5. e4 Nxc3 6. bxc3 Bg7 7. Be3 c5 8. Qd2 O-O 9. Rc1 Qa5 10. d5 e6 11. c4 Qxd2+ 12. Kxd2 b6 13. f4 Rd8 14. Bd3 f5 15. Ke2 fxe4 16. Bxe4 Bb7 17. Nf3 Na6 18. Rhd1 Nb4 19. Rd2 exd5 20. cxd5 Nxd5 21. Kf2 Rd7 22. Ng5 Rad8 23. Ne6 Nf6 24. Bxb7 Rxd2+ 25. Ke1 R8d7 26. Bxd2 Rxb7 27. Nxg7 Kxg7 28. Bc3 Rd7 29. Ke2 Kf7 30. h3 Ne4 31. Be1 Ke6 32. Ke3 Nd6 33. g4 Nb5 34. Rc4 Nd4 35. Ke4 Re7 36. Kd3 Kd5 37. Rc1 Ne2 38. Rc4 b5 0-1

[Event "CAN-ch"]
[Site "Toronto CAN"]
[Date "2004.08.21"]
[Round "2.33"]
[White "Patterson, Roger"]
[Black "Boik, Andrew"]
[Result "1-0"]
[WhiteElo "2195"]
[BlackElo "2058"]
[PlyCount "151"]
[GameId "2160767911077883"]
[EventDate "2004.08.20"]
[EventType "swiss"]
[EventRounds "11"]
[EventCountry "CAN"]

1. e4 c5 2. Nf3 d6 3. d4 cxd4 4. Nxd4 Nf6 5. Nc3 a6 6. Be2 e6 7. O-O Be7 8. f4 Qc7 9. a4 Nc6 10. Be3 Bd7 11. Qe1 O-O 12. Kh1 d5 13. exd5 Nxd5 14. Nxd5 exd5 15. c3 Rfe8 16. Bf3 Bf6 17. Qd2 Qd6 18. Nb3 Be6 19. Rfd1 Rad8 20. Bb6 Rc8 21. g3 Ne7 22. Bd4 Bf5 23. Re1 h5 24. Bxf6 Qxf6 25. Nd4 Bg4 26. Bxg4 hxg4 27. Re5 Red8 28. Rd1 Nc6 29. Nxc6 bxc6 30. Qe2 c5 31. Rexd5 Qc6 32. c4 Rxd5 33. cxd5 Qxa4 34. d6 Qc6+ 35. Kg1 c4 36. d7 Rd8 37. Qe7 Qb6+ 38. Kf1 c3 39. bxc3 Qb5+ 40. Kf2 Qb2+ 41. Qe2 Qb6+ 42. Kf1 Qb5 43. Qxb5 axb5 44. Rd5 Kf8 45. Ke2 Ke7 46. Rxb5 Rxd7 47. Rg5 g6 48. Rxg4 Ke6 49. Rg5 Ra7 50. Kd3 Ra2 51. Re5+ Kd6 52. Re2 Ra4 53. c4 Ra1 54. Kd4 Rd1+ 55. Kc3 Rc1+ 56. Rc2 Rb1 57. Rb2 Rc1+ 58. Kb4 Kc6 59. Rb3 Rc2 60. h3 Rh2 61. h4 f6 62. Ra3 Kb6 63. c5+ Kb7 64. Kc4 g5 65. hxg5 fxg5 66. fxg5 Rh5 67. g6 Rg5 68. Rb3+ Kc7 69. Rb6 Kd7 70. Rd6+ Kc7 71. Rf6 Kd7 72. Kb5 Rxg3 73. c6+ Kc8 74. Rf8+ Kc7 75. Rf7+ Kc8 76. g7 1-0

[Event "CAN-ch"]
[Site "Toronto CAN"]
[Date "2004.08.21"]
[Round "2.34"]
[White "Southam, David"]
[Black "Davies, Noam"]
[Result "1/2-1/2"]
[WhiteElo "2129"]
[BlackElo "1953"]
[PlyCount "31"]
[GameId "2160767911077884"]
[EventDate "2004.08.20"]
[EventType "swiss"]
[EventRounds "11"]
[EventCountry "CAN"]

1. Nf3 Nf6 2. c4 g6 3. Nc3 d5 4. cxd5 Nxd5 5. Qa4+ Nc6 6. Ne5 Ndb4 7. a3 Bg7 8. Nxc6 Nxc6 9. g3 Bd7 10. Qd1 Nd4 11. b4 a5 12. Rb1 axb4 13. axb4 Be6 14. Bg2 Ra1 15. Bb2 Bb3 16. Qc1 1/2-1/2